000 00637nam a22001937a 4500
003 OSt
005 20260109034552.0
008 260109b |||||||| |||| 00| 0 eng d
020 _a971-118-093-6.
040 _aDWCL-Admin lib
_cOC
082 _aFil. 890.081 T694 1991
100 _aTorrevillas, Rowena T.
245 _a Mountain sacraments /
_cRowena T. Torrevillas
260 _aManila :
_bDe La Salle University Press,
_cc1991.
300 _a73 p. :
_bchiefly ill. ;
_c23 cm.
504 _aIncludes business letter writing & basic manual of style
650 _a1. Philippine poetry-Collections.
942 _2ddc
_cBK - FIL
_kFil.
_n0
999 _c7227
_d7227